6 steps to effective writing in criminal justice / (Record no. 265265)
[ view plain ]
| 000 -LEADER | |
|---|---|
| fixed length control field | 01934cam a2200469 a 4500 |
| 001 - CONTROL NUMBER | |
| control field | 13235745 |
| 003 - CONTROL NUMBER IDENTIFIER | |
| control field | OSt |
| 005 - DATE AND TIME OF LATEST TRANSACTION | |
| control field | 20251120115235.0 |
| 008 - FIXED-LENGTH DATA ELEMENTS--GENERAL INFORMATION | |
| fixed length control field | 030612s2003 at b 000 0 eng d |
| 010 ## - LIBRARY OF CONGRESS CONTROL NUMBER | |
| LC control number | 2003545066 |
| 020 ## - INTERNATIONAL STANDARD BOOK NUMBER | |
| International Standard Book Number | 0534172911 |
| International Standard Book Number | 9780534172916 |
| 035 ## - SYSTEM CONTROL NUMBER | |
| System control number | 13235745 |
| System control number | (OCoLC)51886064 |
| 040 ## - CATALOGING SOURCE | |
| Original cataloging agency | GAC |
| Transcribing agency | GAC |
| Modifying agency | DLC |
| -- | WaU |
| -- | DLC |
| 042 ## - AUTHENTICATION CODE | |
| Authentication code | lccopycat |
| 050 00 - LIBRARY OF CONGRESS CALL NUMBER | |
| Classification number | HV6024.5 |
| Item number | .S36 2003 |
| 082 00 - DEWEY DECIMAL CLASSIFICATION NUMBER | |
| Classification number | 808/.066364 |
| Edition number | 22 |
| 100 1# - MAIN ENTRY--PERSONAL NAME | |
| Personal name | Schmidt, Judy H. |
| 245 10 - TITLE STATEMENT | |
| Title | 6 steps to effective writing in criminal justice / |
| Statement of responsibility, etc | Judy H. Schmidt, Michael K. Hooper. |
| 246 33 - VARYING FORM OF TITLE | |
| Title proper/short title | Six steps to effective writing in criminal justice |
| Title proper/short title | Steps to effective writing in criminal justice |
| 260 ## - PUBLICATION, DISTRIBUTION, ETC. (IMPRINT) | |
| Place of publication, distribution, etc | Australia ; |
| -- | [Belmont, Calif.] : |
| Name of publisher, distributor, etc | Wadsworth Thomson Learning, |
| Date of publication, distribution, etc | c2003. |
| 300 ## - PHYSICAL DESCRIPTION | |
| Extent | 94 p. ; |
| Dimensions | 24 cm. |
| 336 ## - CONTENT TYPE | |
| Content type term | text |
| Content type code | txt |
| Source | rdacontent |
| 337 ## - MEDIA TYPE | |
| Media type term | unmediated |
| Media type code | n |
| Source | rdamedia |
| 338 ## - CARRIER TYPE | |
| Carrier type term | volume |
| Carrier type code | nc |
| Source | rdacarrier |
| 500 ## - GENERAL NOTE | |
| General note | Includes bibliographical references. |
| 650 #0 - SUBJECT ADDED ENTRY--TOPICAL TERM | |
| Topical term or geographic name as entry element | Criminology |
| General subdivision | Authorship |
| Form subdivision | Style manuals. |
| Topical term or geographic name as entry element | Criminal justice, Administration of |
| General subdivision | Authorship |
| Form subdivision | Style manuals. |
| Topical term or geographic name as entry element | Academic writing |
| Form subdivision | Handbooks, manuals, etc. |
| Topical term or geographic name as entry element | Scholarly publishing |
| Form subdivision | Handbooks, manuals, etc. |
| Topical term or geographic name as entry element | Report writing |
| Form subdivision | Handbooks, manuals, etc. |
| 700 1# - ADDED ENTRY--PERSONAL NAME | |
| Personal name | Hooper, Michael |
| Fuller form of name | (Michael K.) |
| 856 42 - ELECTRONIC LOCATION AND ACCESS | |
| Materials specified | Contributor biographical information |
| Uniform Resource Identifier | <a href="http://www.loc.gov/catdir/enhancements/fy1302/2003545066-b.html">http://www.loc.gov/catdir/enhancements/fy1302/2003545066-b.html</a> |
| Materials specified | Publisher description |
| Uniform Resource Identifier | <a href="http://www.loc.gov/catdir/enhancements/fy1302/2003545066-d.html">http://www.loc.gov/catdir/enhancements/fy1302/2003545066-d.html</a> |
| Materials specified | Table of contents only |
| Uniform Resource Identifier | <a href="http://www.loc.gov/catdir/enhancements/fy1302/2003545066-t.html">http://www.loc.gov/catdir/enhancements/fy1302/2003545066-t.html</a> |
| 906 ## - LOCAL DATA ELEMENT F, LDF (RLIN) | |
| a | 7 |
| b | cbc |
| c | copycat |
| d | 3 |
| e | ncip |
| f | 20 |
| g | y-gencatlg |
| 942 ## - ADDED ENTRY ELEMENTS (KOHA) | |
| Source of classification or shelving scheme | Library of Congress Classification |
| Koha item type | Long Loan Books |
| Withdrawn status | Lost status | Source of classification or shelving scheme | Damaged status | Not for loan | Collection code | Home library | Current library | Shelving location | Date acquired | Total Checkouts | Full call number | Barcode | Date last seen | Price effective from | Koha item type |
|---|---|---|---|---|---|---|---|---|---|---|---|---|---|---|---|
| Library of Congress Classification | Non-fiction | Rongo University Library | Rongo University Library | General Stacks | 20/11/2025 | HV6024.5 .S36 2003 | 20260656 | 20/11/2025 | 20/11/2025 | Long Loan Books |
